Povídky /

Hlavní autor: Kadlečíková, Marta, 1935-1996
Další autoři: Kubíček, Miroslav, 1934-2021
Jazyk: Čeština
Vydáno: Třebíč : Arca JiMfa, 1993
Vydání: 1. vyd.
Fyzický popis: 105 s., obr. příl.
Knihy
Uloženo v:
LEADER 00773nam a2200253 a 4500
001 000008966
003 CZ BrMZK
005 20211115062100.0
007 ta
008 931103s1993 xr a f 000 m cze d
015 |a cnb000077044 
020 |a 80-85766-14-0  |c 36.00 
040 |a BOA001  |b cze 
080 |a 885.0-32(081)  |2 MRF 
100 1 |a Kadlečíková, Marta,  |d 1935-1996  |7 jk01052476 
245 1 0 |a Povídky /  |c Ilustr. Miroslav Kubíček 
250 |a 1. vyd. 
260 |a Třebíč :  |b Arca JiMfa,  |c 1993 
300 |a 105 s., obr. příl. 
700 1 |a Kubíček, Miroslav,  |d 1934-2021  |7 jk01070374 
910 |a BOA001  |b 2-0993.841 
962 |a 885.0-32 
990 |a BK 
996 6 |b 2610003168  |c 2-0993.841  |l MZK  |r Sklad / do 1 hodiny  |n 2  |p p.v.  |w 000008966  |u 000010  |a 1  |e BOA001  |j MZK50  |s P